10 Największych Miast w Europie pod względem ludności. - Statystyki

Ogólne statystyki
  • Ten quiz został rozwiązany 158 razy
  • Średni wynik to 8 z 10
Statystyki odpowiedzi
Miejsce Populacja Miasta % Poprawnych
2 12 615 279 (2019) Moskwa
97%
3 9 126 366 (2019) Londyn
95%
9 2 140 526 (2019) Paryż
95%
5 3 748 148 (2019) Berlin
94%
6 3 223 334 (2019) Madryt
92%
8 2 844 750 (2019) Rzym
86%
1 15 519 267 (2019) Stambuł
80%
7 2 950 800 (2019) Kijów
75%
4 5 383 890 (2019) Saint Petersburg
64%
10 2 106 144 (2019) Bukareszt
47%
Nie znaleziono quizów pasujących do podanych kryteriów
Rozkład punktacji
Procent ludzi z każdym wynikiem
Percentyl według liczby udzielonych odpowiedzi
Twoja historia wyników
Nie rozwiązałeś tego quizu